Malthus et les Malthusiens

Salvato in:
Dettagli Bibliografici
Autore principale: Wolff, Jacques
Natura: Libro
Lingua:francese
Pubblicazione: Paris Economica 1994
Soggetti:
Tags: Aggiungi Tag
Nessun Tag, puoi essere il primo ad aggiungerne!!

MARC

LEADER 00000nam$a2200000$$$4500
001 0112972
005 20221205071652.2
020 |a 2-7178-2598-3 
041 0 |a fre 
044 |a FR 
245 1 0 |a Malthus et les Malthusiens  |c Jacques Wolff 
264 1 |a Paris  |b Economica  |c 1994 
300 |a 111 s. 
610 2 0 |a malthuzianizmus 
100 1 |a Wolff, Jacques